Greek Mythology - Statistics

General Stats
  • This quiz has been taken 4,097 times
    4,081 since last reset
  • The average score is 10 of 15
Answer Stats
Hint Answer % Correct
Who was the god of the sea? Poseidon
97%
What did Medusa have instead of hair? Snakes
97%
Who was the Queen of the Olympian Gods? Hera
93%
A woman was said to have opened a jar containing all the evils of humanity. What was the name of the woman? Pandora
93%
What was the name of the king who turned everything he touched to gold? Midas
91%
Who fathered Heracles? Zeus
83%
Who was kidnapped by Hades and later became the Queen of the Underworld? Persephone
79%
Cronus was the leader of the first generation of Titans. What was he the god of? Time
72%
Who killed the Minotaur on Crete? Theseus
63%
Nyx, the goddess of night, gave birth to Thanatos, who was the personification of what? Death
62%
Odysseus was the king of what island? Ithaca
45%
Perseus was one of the greatest Greek heroes. Do you know what he was most known for? Killing Medusa
44%
Hera transformed Zeus lover Io into what? a Cow
34%
What was the name of the Corinthian hero who was the son of Poseidon, slayed the Chimera and tamed the winged horse Pegasus? Bellerophon
25%
Andromeda was the princess of what country? Ethiopia
11%
No matching quizzes found
Score Distribution
Percent of People with Each Score
Percentile by Number Answered
Your Score History
You have not taken this quiz since the last reset